| 000 -LEADER |
| fixed length control field |
01110nam a2200241Ia 4500 |
| 001 - CONTROL NUMBER |
| control field |
209 |
| 003 - CONTROL NUMBER IDENTIFIER |
| control field |
GE_BSU |
| 008 - FIXED-LENGTH DATA ELEMENTS--GENERAL INFORMATION |
| fixed length control field |
181216s||||||||xx |||||||||||||| ||und|| |
| 020 ## - INTERNATIONAL STANDARD BOOK NUMBER |
| International Standard Book Number |
9994059720 |
| 040 ## - CATALOGING SOURCE |
| Transcribing agency |
GE_BSU |
| 080 ## - UNIVERSAL DECIMAL CLASSIFICATION NUMBER |
| Universal Decimal Classification number |
821.353.1(038)+81'374(038)=351.1'01 |
| 245 ## - TITLE STATEMENT |
| Title |
ძველი ქართული აგიოგრაფიული ლიტერატურის ძეგლები. სიმფონია-ლექსიკონი II. მ–რ |
| 245 ## - TITLE STATEMENT |
| Remainder of title |
ძველი ქართული აგიოგრაფიული ლიტერატურის ძეგლები; II ნაკვ. |
| 245 ## - TITLE STATEMENT |
| Statement of responsibility, etc. |
რედ.:ნარგიზა გოგუაძე;სარჯველაძე ზურაბ;მზექალა შანიძე |
| 260 ## - PUBLICATION, DISTRIBUTION, ETC. |
| Place of publication, distribution, etc. |
თბილისი |
| 260 ## - PUBLICATION, DISTRIBUTION, ETC. |
| Name of publisher, distributor, etc. |
არტანუჯი |
| 260 ## - PUBLICATION, DISTRIBUTION, ETC. |
| Date of publication, distribution, etc. |
2007 |
| 300 ## - PHYSICAL DESCRIPTION |
| Extent |
418გვ. |
| 653 ## - INDEX TERM--UNCONTROLLED |
| Uncontrolled term |
მ–რ |
| 653 ## - INDEX TERM--UNCONTROLLED |
| Uncontrolled term |
ქართული აგიოგრაფიული ლიტერატურის ძეგლები |
| 942 ## - ADDED ENTRY ELEMENTS (KOHA) |
| Koha item type |
წიგნი |